banner koha

Avaliação da inibição da acetilcolinesterase por extratos de plantas medicinais (Registro n. 298890)

MARC details
000 -LÍDER
fixed length control field 04820nab a2200313 i 4500
003 - CÓDIGO MARC DA AGÊNCIA CATALOGADORA
Campo de controle BR-BrBNA
005 - DATA E HORA DA ÚLTIMA ATUALIZAÇÃO
Campo de controle 20240321145600.0
008 - CAMPO DE TAMANHO FIXO
fixed length control field 240321b2012 bl.qr|pooa||| 00| 0 por |
040 ## - FONTE DA CATALOGAÇÃO
Agência catalogadora BR-BrBNA
Idioma da catalogação por
072 ## - CATEGORIA AGRIS
Código AGRIS F60
100 ## - ENTRADA PRINCIPAL - NOME PESSOAL
Nome pessoal Mota, W.M.
100 ## - ENTRADA PRINCIPAL - NOME PESSOAL
Nome pessoal Barros, M.L.
100 ## - ENTRADA PRINCIPAL - NOME PESSOAL
Nome pessoal Cunha, P.E.L.
100 ## - ENTRADA PRINCIPAL - NOME PESSOAL
Nome pessoal Santana, M.V.A.
100 ## - ENTRADA PRINCIPAL - NOME PESSOAL
Nome pessoal Stevam, C.S.
100 ## - ENTRADA PRINCIPAL - NOME PESSOAL
Nome pessoal Leopoldo, P.T.G.
100 ## - ENTRADA PRINCIPAL - NOME PESSOAL
Nome pessoal Fernandes, R.P.M.
245 ## - TÍTULO PRINCIPAL
Título principal Avaliação da inibição da acetilcolinesterase por extratos de plantas medicinais
500 ## - NOTA GERAL
Nota geral Publicação on-line; 11 ref.; 3 tables; Summaries (En, Pt)
942 ## - ADDED ENTRY ELEMENTS (KOHA)
Koha item type
520 ## - NOTA DE RESUMO
Nota de conteúdo <br/><br/>RESUMO: <br/><br/>Neste trabalho foi avaliada a atividade inibitória da acetilcolinesterase (AChE) pelo<br/>método de Ellman, modificado por Rhee, de extratos aquosos e etanólicos de oito plantas utilizadas<br/>na medicina popular da região Nordeste do Brasil. O extrato aquoso de E. velutina não apresentou<br/>atividade inibitória enquanto o extrato aquoso de Maytenus rigida apresentou baixa atividade<br/>inibitória (percentual de inibição de 4%). Detectou-se atividade inibitória moderada com o extrato<br/>aquoso de P. piperoides (percentual de inibição de 40 %), enquanto o extrato de V. agnus-castus<br/>L. inibiu 74% da atividade da AChE, caracterizando-se como potente atividade inibitória.A avaliação<br/>da inibição da AChE com os extratos etanólicos demonstrou que os extratos de Sideroxylon<br/>obtusifolium, Erythrina velutina, Vitex agnus-castus, Phoradendron piperoides, Chrysobalanus<br/>icaco, Bauhinia cheilantha e Orbignya phalerata não apresentaram atividade inibitória. Baixa<br/>atividade inibitória foi observada com os extratos etanólicos de Maytenus rigida (percentual de<br/>inibição de 7%) e de Hyptis fruticosa (percentual de inibição de 11%). O extrato etanólico de<br/>Moringa oleifera apresentou atividade inibitória moderada, inibindo 47% da atividade dessa enzima.<br/>Nenhum dos extratos etanólicos testados apresentou atividade inibitória potente da AChE. Os<br/>resultados dos estudos de inibição da acetilcolinesterase permitem concluir que o extrato aquoso<br/>de V. agnus-castus L. mostrou-se o mais eficaz quanto a inibição da AChE. Este resultado<br/>reforça a necessidade da continuidade do estudo desse extrato, de forma a realizar a partição do<br/>extrato e a purificação das frações para isolar a molécula responsável pela inibição observada.<br/><br/>Palavras-chave: extrato aquoso, extrato etanólico, inibição enzimática
520 ## - NOTA DE RESUMO
Nota de conteúdo <br/><br/>ABSTRACT: <br/><br/>Evaluation of acetylcholinesterase inhibition by extracts from medicinal plants.<br/>In this study, we evaluated the inhibitory activity against acetylcholinesterase (AChE) according to<br/>Ellman’s method, modified by Rhee, for ethanol and aqueous extracts from eight plants used in folk<br/>medicine in the northeast region of Brazil. E. velutina aqueous extract did not have inhibitory activity,<br/>while Maytenus rigida aqueous extract showed low inhibitory activity (percentage of inhibition of<br/>4%). Moderate inhibitory activity was detected for Phoradendron piperoides aqueous extract<br/>(percentage of inhibition of 40%), while V. agnus castus L. extract inhibited 74% AChE activity,<br/>characterized as a potent inhibitory activity. Evaluation ofAChE inhibition by ethanol extracts indicated<br/>that the extracts from Sideroxylon obtusifolium, Erythrina velutina, Vitex agnus-castus L.,<br/>Phoradendron piperoides, Chrysobalanus icaco, Bauhinia cheilantha and Orbignya phalerata did<br/>not show inhibitory activity. A low inhibitory activity was observed for ethanol extracts from Maytenus<br/>rigida (percentage of inhibition of 7%) and Hyptis fruticosa (percentage of inhibition of 11%). Moringa<br/>oleifera ethanol extract showed moderate inhibitory activity, inhibiting 47% of the activity of this<br/>enzyme. None of the tested ethanol extracts showed potent inhibitory activity against AChE. Results<br/>of the studies of acetylcholinesterase inhibition allow the conclusion that V. agnus-castus L. aqueous<br/>extract showed to be most effective in inhibiting AChE. This result reinforces the need for continued<br/>study of this extract in order to make the partition and the purification of fractions to isolate the<br/>molecule responsible for the observed inhibition.<br/><br/>Key words: aqueous extract, ethanol extract, enzyme inhibition
650 ## - ASSUNTO - THESAGRO
Cabeçalho tópico ou nome geográfico EXTRATO VEGETAL
650 ## - ASSUNTO - THESAGRO
Cabeçalho tópico ou nome geográfico INIBIDOR DE ENZIMA
650 ## - ASSUNTO - THESAGRO
Cabeçalho tópico ou nome geográfico PLANTA MEDICINAL
773 0# - ENTRADA ANALÍTICA
Host Biblionumber 3543
Registro do item 313930
Imprenta Botucatu-SP Instituto de Biociências - Departamento de Química e Bioquímica 1998
Outro identificador 2024-0201
Título Revista Brasileira de Plantas Medicinais (Brazil)
ISSN 1516-0572
Colação v. 14(4) p. 624-628; (2012)
Número de controle de registro BR2024000380
856 ## - ACESSO E ENDEREÇO ELETRÔNICO
Identificador uniforme de recurso - URI https://www.scielo.br/j/rbpm/a/TpjnCWvDM7ySPKLRTnj3F6v/?format=pdf&lang=pt

Nenhum exemplar disponível.

BINAGRI

Telefone: (61)3218-2567/2388/3357/2097 - binagri@agro.gov.br

Ministério da Agricultura e Pecuária , Esplanada dos Ministérios, Bloco D, Anexo B, Brasília/DF, CEP: 70.043-900